000
00297nam a2200121Ia 4500
008
191201s2019 xx 000 0 und d
100
_a
POCHA, Jehangir S.
245
0
_a
Marketing Whitebook 2007-2008
260
_a
N.Delhi
_b
Busness World
300
_a
310
650
_a
B.Tech(TE)
942
_2
ddc
_c
BK
999
_c
3455
_d
3455